| 000 | 00599nam a2200205 a 4500 | ||
|---|---|---|---|
| 001 | 25081 | ||
| 003 | CO-ViMGA | ||
| 008 | 141112s2004 ck r 000 u spa d | ||
| 020 | _a9789707774377 | ||
| 040 |
_aCO-ViMGA _bspa _cCO-ViMGA |
||
| 090 | _aRAMg | ||
| 100 | 1 |
_a\ Ramos, María Cristina _916312 |
|
| 245 | 1 | 0 |
_aGato que duerme / _cMaría Cristina Ramos ; ilustraciones de Alain Espinosa |
| 260 |
_aMéxico : _bOceano, _c2008 |
||
| 300 | _a[32] : il. , 19 cm. | ||
| 490 | _aOceano - Travesia | ||
| 650 | 1 | 4 |
_aCuentos infantiles _92743 |
| 650 | 1 | 4 |
_aLiteratura infantil _92746 |
| 942 |
_2ddc _cBK |
||
| 999 |
_c32715 _d32715 |
||